[Event "Liape Open-005 email"]
[Site "Liape email"]
[Date "2002.09.14"]
[Round "7"]
[White "Tenias Vinau, Jesus"]
[Black "Hebbelynck, Denis"]
[Result "0-1"]
[WhiteElo "1600"]
[BlackElo "1600"]
[PlyCount "32"]
[EventDate "2002.09.08"]
[EventType "tourn (corr)"]
[EventRounds "6"]
[EventCountry "ARG"]
[SourceTitle "Corr 2006"]
[Source "ChessBase"]
[SourceDate "2006.04.01"]
[SourceVersion "3"]
[SourceVersionDate "2006.04.01"]
[SourceQuality "1"]

1. e4 c5 2. Nf3 Nc6 3. d4 cxd4 4. Nxd4 Nxd4 5. Qxd4 Qc7 6. Nc3 a6 7. Nd5 Qc6 8. Qc4 Rb8 9. Qxc6 dxc6 10. Nc7+ Kd8 11. Bf4 e6 12. Rd1+ Bd7 13. Nxe6+ fxe6 14. Bxb8 Nf6 15. e5 Ne4 16. Ba7 Bc5 0-1

[Event "Liape Open-005 email"]
[Site "Liape email"]
[Date "2002.09.11"]
[Round "4"]
[White "Venturas, Bob"]
[Black "Tenias Vinau, Jesus"]
[Result "1-0"]
[WhiteElo "1600"]
[BlackElo "1600"]
[PlyCount "47"]
[EventDate "2002.09.08"]
[EventType "tourn (corr)"]
[EventRounds "6"]
[EventCountry "ARG"]
[SourceTitle "Corr 2006"]
[Source "ChessBase"]
[SourceDate "2006.04.01"]
[SourceVersion "3"]
[SourceVersionDate "2006.04.01"]
[SourceQuality "1"]

1. e4 e5 2. Nf3 Nf6 3. Nxe5 d6 4. Nf3 Nxe4 5. Qe2 Qe7 6. d3 Nf6 7. Nc3 Nc6 8. h3 Be6 9. Be3 0-0-0 10. d4 Nb4 11. 0-0-0 Nxa2+ 12. Nxa2 Bxa2 13. b3 d5 14. Rd3 Qa3+ 15. Kd1 Qb2 16. Bc1 Qa1 17. Qd2 Ne4 18. Qa5 Nxf2+ 19. Kd2 Nxh1 20. Qxa7 Bd6 21. Ne5 c5 22. Nxf7 Bf4+ 23. Ke1 Qxc1+ 24. Rd1 1-0